[Event "Peristeri IRT 6th"]
[Site "Peristeri"]
[Date "2017.05.26"]
[Round "5"]
[White "Rigopoulos Tsigkos, Alexandros"]
[Black "Ntalampiras, Spyros"]
[Result "1-0"]
[WhiteElo "2111"]
[BlackElo "1757"]
[PlyCount "137"]
[EventDate "2017.04.25"]
[EventType "tourn"]
[EventRounds "7"]
[EventCountry "GRE"]
[SourceTitle "EXT 2024"]
[Source "ChessBase"]
[SourceDate "2023.10.10"]
[SourceVersion "1"]
[SourceVersionDate "2023.10.10"]
[SourceQuality "1"]

1. e4 c5 2. Nf3 Nc6 3. b3 e5 4. Bb2 d6 5. Bb5 Bd7 6. c3 Nf6 7. Qe2 Be7 8. 0-0 0-0 9. d4 Re8 10. dxc5 dxc5 11. Nbd2 Bd6 12. Rad1 Qe7 13. Rfe1 a6 14. Bc4 b5 15. Bd5 Rac8 16. Nf1 Nxd5 17. exd5 Nd8 18. c4 f6 19. Ng3 Nf7 20. Nd2 f5 21. f3 b4 22. Qf2 Qg5 23. Re2 Re7 24. Rde1 Rce8 25. Bc1 Qg6 26. Kh1 Nh6 27. Ndf1 Rf8 28. Be3 f4 29. Bxc5 fxg3 30. Nxg3 Ng4 31. Qg1 Nxh2 32. Bxd6 Nxf3 33. gxf3 Qxd6 34. Ne4 Qh6+ 35. Rh2 Qf4 36. Qe3 Qxf3+ 37. Qxf3 Rxf3 38. c5 Rd3 39. Rd2 Rxd2 40. Nxd2 e4 41. Rxe4 Rxe4 42. Nxe4 Bf5 43. Nd6 Bg4 44. c6 Bf3+ 45. Kg1 Bxd5 46. c7 Be6 47. c8Q+ Bxc8 48. Nxc8 Kf7 49. Na7 Ke6 50. Nc6 Kd6 51. Nxb4 a5 52. Nc2 Kc5 53. Kf2 h5 54. a3 g5 55. Ke3 h4 56. Ne1 g4 57. Nd3+ Kd5 58. Nf2 g3 59. Nh3 Ke5 60. b4 axb4 61. axb4 Kd5 62. Kd3 Kc6 63. Kc4 Kb6 64. b5 Kb7 65. Kc5 Kc7 66. b6+ Kb7 67. Kb5 Kb8 68. Ka6 g2 69. b7 1-0

[Event "Peristeri IRT 6th"]
[Site "Peristeri"]
[Date "2017.05.16"]
[Round "4"]
[White "Kostopoulos, Vasilios"]
[Black "Rigopoulos Tsigkos, Alexandros"]
[Result "1/2-1/2"]
[WhiteElo "2034"]
[BlackElo "2111"]
[PlyCount "40"]
[EventDate "2017.04.25"]
[EventType "tourn"]
[EventRounds "7"]
[EventCountry "GRE"]
[SourceTitle "EXT 2024"]
[Source "ChessBase"]
[SourceDate "2023.10.10"]
[SourceVersion "1"]
[SourceVersionDate "2023.10.10"]
[SourceQuality "1"]

1. d4 d5 2. c4 dxc4 3. e3 e6 4. Bxc4 Nf6 5. Nf3 a6 6. 0-0 b5 7. Be2 Bb7 8. b3 Nbd7 9. Bb2 c5 10. Nbd2 cxd4 11. exd4 Be7 12. Bd3 0-0 13. Rc1 Nb6 14. Bb1 Qd5 15. Re1 Rac8 16. Ne4 Ba8 17. Rxc8 Rxc8 18. Ne5 Rd8 19. Nxf6+ Bxf6 20. Bxh7+ Kxh7 1/2-1/2